Statistics for Human anatomy for dummies

Click here to take the quiz!

General Stats

  • This quiz has been taken 4,998 times
    (4,108 since last reset)
  • The average score is 26 of 37

Answer Stats

HintAnswer% Correct
Smoking will ruin them! Stop smoking FFS!Lungs
99%
The food Sac.Stomach
95%
Onions make them wet.Eyes
92%
Does a lot of vital stuff but most importantly purges alcohol.Liver
90%
We have 206 of them.Bones
86%
Clean them or get a mint.Teeth
84%
Organ designed to accommodate earings. Some people use them to hold a pencil or a cigarette.Ear
83%
The answer is 'elbow'. Type it.Elbow
83%
Unfortunately it's considered a public indecency for women to uncover them in public.Breasts
82%
The final Sphincter. Sometimes makes a funny noise and then everybody looks at you in the bus.Anus
81%
They look like beans.Kidneys
81%
It's rude to stick it in other people's business.Nose
79%
You can clean your teeth or give oral pleasure with this.Tongue
79%
Pleasure tube.Vagina
79%
You get e-mails to enlarge it.Penis
77%
Largest organ in the body. Nazis live obsessed with its color.Skin
76%
Apparently it's useless.Appendix
75%
Use it or loose it!Brain
75%
It makes tiny eggs.Ovaries
73%
Part of the head that you bang against the wall when things aren't going your way.Forehead
72%
Nutrients are absorbed in this long tube.Small Intestine
72%
The food tube. Sometimes works in reverse and you get kicked out of the bar.esophagus
71%
Comes out after the baby.Placenta
71%
Treat it well or you will have diabetes!Pancreas
70%
Too much pork will ruin it!Heart
67%
Joint that hurts when weather changes.knee
67%
Baby's room.Uterus
67%
Female penisClitoris
64%
Breathing muscle. Also used to sigh or hiccup.Diaphragm
62%
Bean stew makes it go insane.Large Intestine
62%
Suppository chamber.Rectum
58%
Hurts a lot when kicked.Testicles
52%
Primarily a blood filter. You can live without it.Spleen
48%
Appendix designed to express discontent.Middle finger
42%
The rectal exam scans this.Prostate
42%
Appendix designed to ask for a ride.Thumb
36%
Organ that takes years to master.Bladder
32%

Score Distribution

Percentile by Number Answered

Percent of People with Each Score

Your Score History

You have not taken this quiz since the last reset